000 00895nam a22002297a 4500
005 20250530120443.0
008 250530b |||||||| |||| 00| 0 eng d
020 _a81-7380-414-1 (hbk)
037 _cTB
040 _aAL
_cAL
041 _2pun
_apun
084 _aO153vN7 Q8
_qAL
100 _aਸਿੰਘ, ਜਸਵਿੰਦਰ
245 _aਪੰਜਾਬੀ ਸਾਹਿਤ ਦਾ ਇਤਿਹਾਸ
260 _aਪਟਿਆਲਾ, ਭਾਰਤ:
_bਪੰਜਾਬੀ ਭਾਸ਼ਾ ਵਿਕਾਸ ਵਿਭਾਗ,
_c2018.
300 _a178ਪ.
365 _b250.00
_cINR
650 _2ਪੰਜਾਬੀ ਸਾਹਿਤ
700 _aਢੀਂਡਸਾ, ਮਾਨ ਸਿੰਘ
_9811155
942 _2CC
_cTB
_hO153vN7 Q8
_n0
999 _c1431242
_d1431242